Movies Quiz

Random Movies or Disney Quiz
Score 0/25 Timer 03:00
3 Plays Today
% Correct
Shrek
88.5%
Woody
88%
Manny
79.1%
Elsa
78.7%
Mike Wazowski
71.5%
Lightning McQueen
69.5%
Rapunzel
69.4%
Esmeralda
67%
Disgust
66.6%
Ralph
65.7%
John Smith
57.2%
Terk
56.6%
Gloria
56.3%
% Correct
Tigress
56%
Nick Wilde
54.7%
Dodger
53.7%
Hiccup
52.4%
Metroman
52.2%
Hopper
51.4%
B.O.B.
45.9%
Mumble
44.4%
Roddy
43.8%
Jack Frost
40.4%
Blue
38.3%
Turbo
36.6%
Remove Ads.
Support Sporcle.
Get the best of Sporcle when you Go Orange. This ad-free experience offers more features, more stats, and more fun while also helping to support Sporcle. Thank you for becoming a member.

You're not logged in!

Compare scores with friends on all Sporcle quizzes.
OR
Log In

Show Comments

Extras

Top Quizzes Today


Score Distribution

Your Account Isn't Verified!

In order to create a playlist on Sporcle, you need to verify the email address you used during registration. Go to your Sporcle Settings to finish the process.

Report this User

Report this user for behavior that violates our Community Guidelines.

Details: